| 000 | 00791nas a2200265 4500 | ||
|---|---|---|---|
| 001 | BR2010001790 | ||
| 003 | BR-BrBNA | ||
| 005 | 20231205114209.0 | ||
| 007 | ta | ||
| 008 | 230509b bl.|||p| |||| 00| 00por d | ||
| 040 |
_aBR-BrBNA _bpor _cBiblioteca Nacional de Agricultura |
||
| 041 | _a(En) | ||
| 072 | _aB50; F70 | ||
| 100 | 1 | _aLiu, Y. | |
| 100 | 1 | _aLin, M. | |
| 100 | 1 | _aKai, W. | |
| 100 | 1 | _aTombolato, A.F.C. | |
| 245 | 1 | _aThe Wuhan Botanical Garden - aquatic plants collection | |
| 650 | _aPLANTA AQUÁTICA | ||
| 650 | _aJARDIM BOTANICO | ||
| 650 | _aRESERVA BIOLÓGICA | ||
| 773 | 0 |
_tRevista Brasileira de Horticultura Ornamental (Brazil) _xISSN 1809-6093 _g(2009), v. 15(2) p. 93-100 _wBR2010001790 |
|
| 909 |
_a202311 _bLúcia _c55 _dLúcia Elande |
||
| 942 |
_2AGRIS _n0 _cANA |
||
| 999 |
_c207552 _d207552 |
||